| 000 | 00493nam a22002057a 4500 | ||
|---|---|---|---|
| 005 | 20240726091056.0 | ||
| 008 | 160127b xxu||||| |||| 00| 0 spa d | ||
| 020 | _a9788420674186 | ||
| 041 | _aESP | ||
| 082 | _a813.3 P743c | ||
| 100 |
_aPoe, Edgar Allan _92340 |
||
| 245 | _aCuentos 1 | ||
| 260 | _aEspaña | ||
| 260 | _bAlianza Editorial | ||
| 260 | _c2014 | ||
| 300 | _a637 páginas | ||
| 650 | _aLITERATURA ESTADOUNIDENSE | ||
| 650 | _aCUENTOS ESTADOUNIDENSES | ||
| 942 |
_cLIT _2ddc |
||
| 999 |
_c7543 _d7543 |
||